Slawische Sprachen - Statistiken

Allgemein
  • Dieses Quiz wurde 178 mal gespielt
  • Das Durchschnittsergebnis liegt bei 12 aus 19
Antwortstatistiken
Sprache % Korrekt
Russisch
97%
Slowenisch
95%
Kroatisch
94%
Polnisch
94%
Ukrainisch
93%
Serbisch
92%
Tschechisch
92%
Slowakisch
91%
Bosnisch
85%
Bulgarisch
85%
Mazedonisch
81%
Weißrussisch
78%
Montenegrinisch
59%
Sorbisch
44%
Kaschubisch
17%
Russinisch
11%
Burgenlandkroatisch
6%
Resianisch
1%
Westpolessisch
1%
Keine übereinstimmenden Quizze gefunden
Verteilung der Resultate
Anzahl Personen mit jedem Resultat
Perzentil nach korrekt beantworteten Fragen
Ihre Resultats-Entwicklung
Sie haben dieses Quiz noch nicht gespielt